000 00253nam a2200097Ia 4500
001 799435
005 20250826170847.0
008 250824s9999 xx 000 0 und d
245 0 _aBUZ ÇETESİ TEHLİKEYEDUR DE
_cYÜCEL ÖZTÜRK
260 _bCEZVE YAYINLARI
999 _c799435
_d799435